000 00676nam a2200229Ia 4500
005 20260320201227.0
008 008 262003s9999 xx 000 0 eng d
037 _aEBOOK
040 _aCRL
040 _beng
040 _cCRL
041 _2eng
041 _aeng
084 _qCRL
100 _aVasques
_91134531
245 0 _aMachine Learning Theory and Applications: Hands-on Use Cases with Python on Classical and Quantum Machines: Hands-on Use Cases with Python on Classical and Quantum Machines
260 _bIEEE
856 _uhttps://ieeexplore.ieee.org/servlet/opac?bknumber=10444091
942 _cEBOOK
999 _c1719817
_d1719817